Bombay Presidency in the mid-eighteenth century / (Record no. 20799)
[ view plain ]
| 000 -LEADER | |
|---|---|
| fixed length control field | 00915cam a22002891 4500 |
| 001 - CONTROL NUMBER | |
| control field | 7522971 |
| 003 - CONTROL NUMBER IDENTIFIER | |
| control field | BDDh-ASL |
| 005 - DATE AND TIME OF LATEST TRANSACTION | |
| control field | 20231015025934.0 |
| 008 - FIXED-LENGTH DATA ELEMENTS--GENERAL INFORMATION | |
| fixed length control field | 741122s1965 xx 000 0 eng |
| 010 ## - LIBRARY OF CONGRESS CONTROL NUMBER | |
| LC control number | 65005429 |
| 015 ## - NATIONAL BIBLIOGRAPHY NUMBER | |
| National bibliography number | GB65-15925 |
| 035 ## - SYSTEM CONTROL NUMBER | |
| System control number | (OCoLC)1085361 |
| 040 ## - CATALOGING SOURCE | |
| Original cataloging agency | DLC |
| Transcribing agency | NAlU |
| Modifying agency | Uk |
| -- | DLC |
| -- | BDDh-ASL |
| 042 ## - AUTHENTICATION CODE | |
| Authentication code | premarc |
| 050 00 - LIBRARY OF CONGRESS CALL NUMBER | |
| Classification number | DS485.B68 |
| Item number | F8 1965 |
| 082 ## - DEWEY DECIMAL CLASSIFICATION NUMBER | |
| Classification number | 954.7 |
| Item number | FUB |
| 100 1# - MAIN ENTRY--PERSONAL NAME | |
| Personal name | Furber, Holden, |
| Dates associated with a name | 1903-1993. |
| 245 10 - TITLE STATEMENT | |
| Title | Bombay Presidency in the mid-eighteenth century / |
| 260 ## - PUBLICATION, DISTRIBUTION, ETC. | |
| Place of publication, distribution, etc. | New York : |
| Name of publisher, distributor, etc. | Asia Pub. House, |
| Date of publication, distribution, etc. | 1965. |
| 300 ## - PHYSICAL DESCRIPTION | |
| Extent | v, 76 p. : |
| Dimensions | 22 cm. |
| 440 #0 - SERIES STATEMENT/ADDED ENTRY--TITLE | |
| Title | Heras memorial lectures, |
| Volume/sequential designation | 1962 |
| 500 ## - GENERAL NOTE | |
| General note | "Issued under the auspices of the Heras Institute of Indian History and Culture." |
| 500 ## - GENERAL NOTE | |
| General note | Bibliographical footnotes. |
| 651 #0 - SUBJECT ADDED ENTRY--GEOGRAPHIC NAME | |
| Geographic name | Bombay (India : State) |
| General subdivision | History. |
| 906 ## - LOCAL DATA ELEMENT F, LDF (RLIN) | |
| a | 7 |
| b | cbc |
| c | oclcrpl |
| d | u |
| e | ncip |
| f | 19 |
| g | y-gencatlg |
| 942 ## - ADDED ENTRY ELEMENTS (KOHA) | |
| Source of classification or shelving scheme | Dewey Decimal Classification |
| Koha item type | Books |
| Withdrawn status | Lost status | Source of classification or shelving scheme | Damaged status | Not for loan | Collection code | Home library | Current library | Shelving location | Date acquired | Source of acquisition | Total Checkouts | Full call number | Barcode | Date last seen | Copy number | Price effective from | Koha item type | Public note |
|---|---|---|---|---|---|---|---|---|---|---|---|---|---|---|---|---|---|---|
| Dewey Decimal Classification | Not For Loan | Non-fiction | Asiatic Society Library | Asiatic Society Library | Ludden Collection | 01/14/2021 | Donated by Prof. David Ludden | 954.7 FUB | 104299 | 01/14/2021 | C-1 | 01/14/2021 | Books | RARE | ||||
| Dewey Decimal Classification | Non-fiction | Asiatic Society Library | Asiatic Society Library | General Stacks | 02/15/2021 | ASB Library Collections | 954.7 FUB | 105837 | 02/15/2021 | C-2 | 02/15/2021 | Books | RARE |